[Event "New Jersey Futurity 2nd"]
[Site "New Jersey"]
[Date "2008.07.10"]
[Round "6"]
[White "Almeida Saenz, Alfonso"]
[Black "Ju, Evan D"]
[Result "0-1"]
[WhiteElo "2419"]
[BlackElo "2286"]
[PlyCount "70"]
[EventDate "2008.07.07"]
[EventType "tourn"]
[EventRounds "9"]
[EventCountry "USA"]
[EventCategory "8"]
[SourceTitle "CBM 125 Extra"]
[Source "ChessBase"]
[SourceDate "2008.09.01"]
[SourceVersion "1"]
[SourceVersionDate "2008.09.01"]
[SourceQuality "1"]

1. d4 Nf6 2. Nf3 g6 3. c4 Bg7 4. g3 0-0 5. Bg2 d6 6. 0-0 Nbd7 7. Nc3 e5 8. e4 c6 9. h3 Qb6 10. c5 dxc5 11. dxe5 Ne8 12. Na4 Qb5 13. Bf4 Nc7 14. Re1 Ne6 15. b3 Qa5 16. Qd6 Rd8 17. Bd2 Nxe5 18. Bxa5 Rxd6 19. Rad1 Rxd1 20. Rxd1 Nxf3+ 21. Bxf3 Nd4 22. Bg2 b6 23. Bd2 Be6 24. Nc3 Rd8 25. Bg5 Ne2+ 26. Kf1 Rxd1+ 27. Nxd1 Nc3 28. Nxc3 Bxc3 29. Be7 c4 30. b4 Bd4 31. Ke2 c3 32. Kd3 Bxf2 33. Kxc3 Bxg3 34. a3 Be5+ 35. Kc2 f6 0-1

[Event "New Jersey Futurity 2nd"]
[Site "New Jersey"]
[Date "2008.07.09"]
[Round "4"]
[White "Palatnik, Semon"]
[Black "Ju, Evan D"]
[Result "1/2-1/2"]
[WhiteElo "2472"]
[BlackElo "2286"]
[PlyCount "122"]
[EventDate "2008.07.07"]
[EventType "tourn"]
[EventRounds "9"]
[EventCountry "USA"]
[EventCategory "8"]
[SourceTitle "CBM 125 Extra"]
[Source "ChessBase"]
[SourceDate "2008.09.01"]
[SourceVersion "1"]
[SourceVersionDate "2008.09.01"]
[SourceQuality "1"]

1. d4 Nf6 2. c4 g6 3. Nc3 Bg7 4. e4 d6 5. Be2 0-0 6. Bg5 Nbd7 7. Qd2 c6 8. Nf3 e5 9. Rd1 exd4 10. Nxd4 Nc5 11. Qf4 Qe7 12. f3 Qe5 13. Qe3 Re8 14. Bf4 Qe7 15. Nxc6 bxc6 16. Bxd6 Qb7 17. Bxc5 Qxb2 18. 0-0 Ng4 19. fxg4 Qxc3 20. Qxc3 Bxc3 21. h3 Be6 22. Rf3 Ba5 23. Bd6 Rad8 24. c5 Rd7 25. e5 Bd5 26. Rxd5 cxd5 27. Bb5 Rxd6 28. Bxe8 Rd8 29. Bxf7+ Kg7 30. Kf1 Rc8 31. Bxd5 Rxc5 32. Rf7+ Kh6 33. Rd7 Rc7 34. Rd6 Rc1+ 35. Kf2 Bc7 36. Rd7 Bxe5 37. h4 g5 38. hxg5+ Kxg5 39. Rxh7 Kxg4 40. Ke2 Rc7 41. Bf3+ Kf5 42. Rh5+ Kf6 43. Rh6+ Kg5 44. Ra6 Bd4 45. Kd3 Bb6 46. Ra4 Rc5 47. Rg4+ Kf5 48. Rh4 Ra5 49. a4 Rc5 50. Rh8 Kf4 51. Rf8+ Kg5 52. Rg8+ Kf4 53. Be4 Rg5 54. Rf8+ Kg3 55. Bf3 Rc5 56. Rg8+ Kf4 57. Rg4+ Kf5 58. Rg7 Ra5 59. Bc6 Rc5 60. Be4+ Ke5 61. g4 Rc7 1/2-1/2

[Event "Philadelphia National op 38th"]
[Site "Philadelphia"]
[Date "2007.11.24"]
[Round "4"]
[White "Ju, Evan D"]
[Black "Fishbein, Alexander"]
[Result "0-1"]
[WhiteElo "2260"]
[BlackElo "2524"]
[PlyCount "82"]
[EventDate "2007.11.23"]
[EventType "swiss"]
[EventRounds "6"]
[EventCountry "USA"]
[SourceTitle "EXT 2012"]
[Source "ChessBase"]
[SourceDate "2011.11.24"]
[SourceVersion "1"]
[SourceVersionDate "2011.11.24"]
[SourceQuality "1"]

1. e4 c5 2. Nf3 d6 3. d4 cxd4 4. Nxd4 Nf6 5. Nc3 Nc6 6. Bg5 e6 7. Nb3 Be7 8. Qd2 0-0 9. 0-0-0 Qb6 10. Be3 Qc7 11. f3 Rd8 12. Qf2 d5 13. exd5 Nxd5 14. Nxd5 Rxd5 15. Rxd5 exd5 16. Kb1 Bf5 17. g4 Bg6 18. f4 Be4 19. Bg2 Bxg2 20. Qxg2 Bd6 21. Qxd5 Bxf4 22. Bxf4 Qxf4 23. Qd7 Rb8 24. Nc5 Rd8 25. Qxb7 Qxg4 26. Nd3 Qf3 27. Re1 h6 28. a3 Nd4 29. Qxf3 Nxf3 30. Re7 Nxh2 31. Rxa7 g5 32. b4 g4 33. Nf4 Rd4 34. Nh5 Nf1 35. b5 g3 36. Nxg3 Nxg3 37. b6 Rd6 38. Ra6 Rd7 39. Ra7 Rd6 40. Ra6 Rd7 41. Ra7 Rd6 0-1

[Event "US Open-108"]
[Site "Cherry Hill"]
[Date "2007.08.03"]
[Round "7"]
[White "Lenderman, Aleksandr"]
[Black "Ju, Evan D"]
[Result "1-0"]
[WhiteElo "2418"]
[BlackElo "2173"]
[PlyCount "65"]
[EventDate "2007.07.28"]
[EventType "swiss"]
[EventRounds "9"]
[EventCountry "USA"]
[SourceTitle "CBM 119 Extra"]
[Source "ChessBase"]
[SourceDate "2007.09.04"]
[SourceVersion "1"]
[SourceVersionDate "2007.09.04"]
[SourceQuality "1"]

1. e4 e6 2. d4 d5 3. Nc3 Nf6 4. Bg5 Be7 5. e5 Nfd7 6. Bxe7 Qxe7 7. f4 0-0 8. Nf3 c5 9. Nb5 Nc6 10. c3 f6 11. Bd3 cxd4 12. cxd4 fxe5 13. fxe5 Rxf3 14. Qxf3 Qb4+ 15. Kd1 Ndxe5 16. dxe5 Nxe5 17. Qe2 Nxd3 18. Qxd3 Bd7 19. Nc3 Qxb2 20. Rb1 Qxg2 21. Qg3 Qxh1+ 22. Kd2 Qxb1 23. Nxb1 Re8 24. Nc3 Bc6 25. Qe5 d4 26. Ne2 Bd5 27. a3 d3 28. Nf4 Rd8 29. Nxd5 exd5 30. Qc7 Rf8 31. Qxb7 Rf2+ 32. Kxd3 a6 33. Qxa6 1-0

[Event "New Jersey Futurity"]
[Site "Parsippany"]
[Date "2007.07.10"]
[Round "7"]
[White "Yudasin, Leonid"]
[Black "Ju, Evan D"]
[Result "1-0"]
[WhiteElo "2550"]
[BlackElo "2173"]
[PlyCount "69"]
[EventDate "2007.07.07"]
[EventType "tourn"]
[EventRounds "9"]
[EventCountry "USA"]
[EventCategory "7"]
[SourceTitle "CBM 119 Extra"]
[Source "ChessBase"]
[SourceDate "2007.09.04"]
[SourceVersion "1"]
[SourceVersionDate "2007.09.04"]
[SourceQuality "1"]

1. e4 e6 2. Qe2 c5 3. Nf3 Nc6 4. g3 g6 5. Bg2 Bg7 6. 0-0 Nge7 7. c3 0-0 8. d3 e5 9. Be3 d6 10. Nh4 f5 11. exf5 Nxf5 12. Nxf5 Bxf5 13. Nd2 Qd7 14. Ne4 b6 15. c4 Nd4 16. Bxd4 exd4 17. Rae1 Rae8 18. Qd2 Bxe4 19. Bxe4 Kh8 20. b4 cxb4 21. Qxb4 Re5 22. a4 Rh5 23. Re2 Ra5 24. Ra1 g5 25. Bd5 Qf5 26. Qd2 Be5 27. Re4 Rf6 28. Qe2 Qd7 29. h4 gxh4 30. Rxh4 Rg6 31. Kg2 Qg7 32. Rah1 Rxd5 33. Rxh7+ Qxh7 34. Rxh7+ Kxh7 35. cxd5 1-0

[Event "New Jersey Futurity"]
[Site "Parsippany"]
[Date "2007.07.09"]
[Round "5"]
[White "Ju, Evan D"]
[Black "Simutowe, Amon"]
[Result "0-1"]
[WhiteElo "2173"]
[BlackElo "2421"]
[PlyCount "108"]
[EventDate "2007.07.07"]
[EventType "tourn"]
[EventRounds "9"]
[EventCountry "USA"]
[EventCategory "7"]
[SourceTitle "CBM 119 Extra"]
[Source "ChessBase"]
[SourceDate "2007.09.04"]
[SourceVersion "1"]
[SourceVersionDate "2007.09.04"]
[SourceQuality "1"]

1. e4 c6 2. d4 d5 3. Nd2 dxe4 4. Nxe4 Nd7 5. Ng5 Ngf6 6. Bd3 e6 7. N1f3 Bd6 8. Qe2 h6 9. Ne4 Nxe4 10. Qxe4 Qc7 11. 0-0 b6 12. Re1 Nf6 13. Qe2 Bb7 14. Ne5 0-0 15. Ng4 Nxg4 16. Qxg4 f5 17. Qh5 Rf6 18. Bc4 Qd7 19. Bd2 Re8 20. Re2 c5 21. dxc5 Bxc5 22. Rae1 Qc6 23. Qxe8+ Qxe8 24. Rxe6 Rxe6 25. Rxe6 Qa4 26. Bb3 Bxf2+ 27. Kh1 Qg4 28. Re4+ Kh7 29. Rxg4 fxg4 30. Be6 h5 31. Bd7 Bd5 32. a3 a5 33. Bf4 Kg6 34. Bg3 Bxg3 35. hxg3 Kf6 36. Kg1 g5 37. Kf2 Be6 38. Bc6 Ke5 39. Ke3 h4 40. gxh4 gxh4 41. b3 h3 42. gxh3 gxh3 43. c4 Kd6 44. Bh1 a4 45. bxa4 Bxc4 46. Kf2 Bd5 47. Kg1 Bxh1 48. Kxh1 Kc5 49. Kh2 Kc4 50. Kxh3 Kb3 51. Kg2 Kxa4 52. Kf2 Kxa3 53. Ke2 b5 54. Kd2 b4 0-1

[Event "World op 34th"]
[Site "Philadelphia"]
[Date "2006.07.02"]
[Round "5"]
[White "Ju, Evan D"]
[Black "Abrahamyan, Tatev"]
[Result "1/2-1/2"]
[WhiteElo "2161"]
[BlackElo "2262"]
[PlyCount "99"]
[EventDate "2006.06.28"]
[EventType "swiss"]
[EventRounds "9"]
[EventCountry "USA"]
[SourceTitle "CBM 112 Extra"]
[Source "ChessBase"]
[SourceDate "2006.07.14"]
[SourceVersion "1"]
[SourceVersionDate "2006.07.14"]
[SourceQuality "1"]

1. e4 e6 2. d4 d5 3. Nd2 Nf6 4. e5 Nfd7 5. Bd3 c5 6. c3 Nc6 7. Ne2 cxd4 8. cxd4 f6 9. Nf4 Nxd4 10. Qh5+ Ke7 11. Ng6+ hxg6 12. exf6+ Nxf6 13. Qxh8 Kf7 14. 0-0 e5 15. Nf3 Nxf3+ 16. gxf3 Bf5 17. Bxf5 gxf5 18. Bg5 Bc5 19. Qh4 Qb6 20. Rac1 Be7 21. Rc2 Rd8 22. Rfc1 d4 23. Rc7 d3 24. Bxf6 Qxf6 25. Qxf6+ Kxf6 26. Rxb7 Bc5 27. b4 Bd4 28. f4 exf4 29. Rd1 Bc3 30. Kg2 d2 31. Rxa7 Bxb4 32. Rb7 Bc3 33. Kf3 Re8 34. Kxf4 g5+ 35. Kg3 Re1 36. Rbb1 Ke5 37. f3 Kd4 38. Kf2 Rxd1 39. Rxd1 Kd3 40. a4 f4 41. h3 Ba5 42. Ra1 Bb6+ 43. Kf1 Bc5 44. a5 Bd4 45. Rd1 Bc3 46. a6 Bd4 47. Rb1 Ba7 48. Ra1 Bc5 49. a7 Bxa7 50. Ra3+ 1/2-1/2

[Event "World op 34th"]
[Site "Philadelphia"]
[Date "2006.06.30"]
[Round "3"]
[White "Ju, Evan D"]
[Black "Formanek, Edward W"]
[Result "0-1"]
[WhiteElo "2161"]
[BlackElo "2286"]
[PlyCount "65"]
[EventDate "2006.06.28"]
[EventType "swiss"]
[EventRounds "9"]
[EventCountry "USA"]
[SourceTitle "CBM 112 Extra"]
[Source "ChessBase"]
[SourceDate "2006.07.14"]
[SourceVersion "1"]
[SourceVersionDate "2006.07.14"]
[SourceQuality "1"]

1. e4 e6 2. d4 d5 3. Nd2 Nc6 4. Ngf3 Nf6 5. e5 Nd7 6. Be2 f6 7. exf6 Nxf6 8. Nf1 Bd6 9. Bg5 e5 10. dxe5 Nxe5 11. Ne3 c6 12. 0-0 0-0 13. c4 Nxf3+ 14. Bxf3 d4 15. Ng4 Bxg4 16. Bxg4 Qc7 17. Qxd4 Bxh2+ 18. Kh1 Be5 19. Be6+ Kh8 20. Qh4 Bxb2 21. Rad1 Rad8 22. Bf5 h6 23. g4 c5 24. Rg1 Rxd1 25. Rxd1 Nh7 26. Be3 Bd4 27. Bxd4 cxd4 28. Rxd4 Qc5 29. Rd3 Qxc4 30. Qe7 Qc6+ 31. f3 Re8 32. Rd8 Rg8 33. Be6 0-1

[Event "Wch U14"]
[Site "Belfort"]
[Date "2005.07.27"]
[Round "10"]
[White "Ju, Evan D"]
[Black "Wei, Chenpeng"]
[Result "0-1"]
[WhiteElo "2149"]
[BlackElo "2406"]
[PlyCount "50"]
[EventDate "2005.07.??"]
[EventType "swiss"]
[EventRounds "11"]
[EventCountry "FRA"]
[SourceTitle "CBM 107 Extra"]
[Source "ChessBase"]
[SourceDate "2005.09.01"]
[SourceVersion "1"]
[SourceVersionDate "2005.09.01"]
[SourceQuality "1"]

1. e4 c5 2. Nf3 d6 3. d4 Nf6 4. Nc3 cxd4 5. Nxd4 a6 6. Be2 e6 7. 0-0 Qc7 8. a4 Be7 9. f4 b6 10. Bf3 Bb7 11. e5 dxe5 12. fxe5 Nfd7 13. Bxb7 Qxb7 14. Qg4 Bc5 15. Be3 Nc6 16. b4 Ndxe5 17. Qxg7 0-0-0 18. bxc5 Rhg8 19. Qxh7 Nxd4 20. Ne4 Nf5 21. Nd6+ Nxd6 22. Qh3 Ndc4 23. Bf4 Ng4 24. Rf3 Qd5 25. cxb6 Qd4+ 0-1

[Event "Wch U14"]
[Site "Belfort"]
[Date "2005.07.26"]
[Round "8"]
[White "Ju, Evan D"]
[Black "Salgado Lopez, Ivan"]
[Result "0-1"]
[WhiteElo "2149"]
[BlackElo "2340"]
[PlyCount "116"]
[EventDate "2005.07.??"]
[EventType "swiss"]
[EventRounds "11"]
[EventCountry "FRA"]
[SourceTitle "CBM 107 Extra"]
[Source "ChessBase"]
[SourceDate "2005.09.01"]
[SourceVersion "1"]
[SourceVersionDate "2005.09.01"]
[SourceQuality "1"]

1. e4 c5 2. Nf3 d6 3. d4 cxd4 4. Nxd4 Nf6 5. Nc3 a6 6. a4 e5 7. Nf3 Be7 8. Bc4 0-0 9. 0-0 h6 10. Be3 Be6 11. Bxe6 fxe6 12. Qe2 Nc6 13. Rfd1 Ng4 14. Bc1 Rc8 15. h3 Nf6 16. Be3 Qe8 17. g3 Qg6 18. Nh4 Qh7 19. Qc4 d5 20. exd5 Nb4 21. Qb3 exd5 22. Nxd5 Nbxd5 23. Rxd5 Nxd5 24. Qxd5+ Kh8 25. Nf3 Qxc2 26. Nxe5 Kh7 27. Rc1 Qf5 28. Rxc8 Rxc8 29. g4 Qb1+ 30. Kg2 Rc7 31. Nd3 Qc2 32. Bxh6 Qc6 33. Qxc6 Rxc6 34. Be3 Rc4 35. a5 Bd8 36. b4 Be7 37. Kf3 Bxb4 38. Nxb4 Rxb4 39. h4 b5 40. axb6 a5 41. Ke2 a4 42. Kd3 a3 43. Bc5 a2 44. Bxb4 a1Q 45. Kc4 Qa8 46. Kc5 Qb7 47. Bc3 Qc8+ 48. Kd6 Qxc3 49. b7 Qb4+ 50. Kc7 Qc5+ 51. Kd7 Qb5+ 52. Kc8 Qc6+ 53. Kb8 Kg6 54. f4 Kf6 55. h5 Ke6 56. g5 Kd7 57. h6 Qa6 58. hxg7 Kc6 0-1

[Event "Wch U14"]
[Site "Belfort"]
[Date "2005.07.25"]
[Round "7"]
[White "Rozum, Ivan"]
[Black "Ju, Evan D"]
[Result "1/2-1/2"]
[WhiteElo "2297"]
[BlackElo "2149"]
[PlyCount "68"]
[EventDate "2005.07.??"]
[EventType "swiss"]
[EventRounds "11"]
[EventCountry "FRA"]
[SourceTitle "CBM 107 Extra"]
[Source "ChessBase"]
[SourceDate "2005.09.01"]
[SourceVersion "1"]
[SourceVersionDate "2005.09.01"]
[SourceQuality "1"]

1. e4 e6 2. d4 d5 3. Nd2 Nf6 4. e5 Nfd7 5. c3 c5 6. Bd3 Nc6 7. Ndf3 cxd4 8. cxd4 f6 9. exf6 Nxf6 10. Ne2 Qb6 11. 0-0 Bd6 12. Nc3 0-0 13. a3 Bd7 14. Be3 Rac8 15. h3 Na5 16. Qe2 Nc4 17. Rab1 Qc7 18. Rbc1 Nxe3 19. fxe3 Qb6 20. Bb1 g6 21. Ne5 Bxe5 22. dxe5 Nh5 23. Qd2 Ng3 24. Rxf8+ Rxf8 25. b4 Bb5 26. Nxb5 Qxb5 27. Bd3 Qd7 28. Kh2 Nf5 29. Bxf5 Rxf5 30. Qc3 Rf8 31. Qc7 Qxc7 32. Rxc7 Rf7 33. Rc8+ Rf8 34. Rc7 Rf7 1/2-1/2

[Event "Wch U14"]
[Site "Heraklion"]
[Date "2004.11.06"]
[Round "4"]
[White "Cordova, Emilio"]
[Black "Ju, Evan D"]
[Result "1-0"]
[WhiteElo "2347"]
[BlackElo "2116"]
[PlyCount "75"]
[EventDate "2004.11.04"]
[EventType "swiss"]
[EventRounds "11"]
[EventCountry "GRE"]
[SourceTitle "EXT 2005"]
[Source "ChessBase"]
[SourceDate "2004.11.15"]
[SourceVersion "1"]
[SourceVersionDate "2004.11.15"]
[SourceQuality "1"]

1. d4 Nf6 2. Nf3 g6 3. c4 Bg7 4. Nc3 0-0 5. g3 d6 6. Bg2 Nbd7 7. 0-0 e5 8. e4 c6 9. h3 Re8 10. Rb1 exd4 11. Nxd4 Nc5 12. Re1 Ne6 13. Nb3 Qc7 14. Be3 Bd7 15. Qd2 Rad8 16. f4 Bc8 17. Qf2 b6 18. Rbc1 Nd7 19. Nd2 Nec5 20. Qf1 a5 21. Kh2 Nf8 22. f5 gxf5 23. exf5 Re5 24. f6 Rf5 25. fxg7 Rxf1 26. gxf8Q+ Rxf8 27. Rxf1 Nd3 28. Rcd1 f5 29. b3 Qg7 30. Ndb1 f4 31. gxf4 Re8 32. Rxd3 Bf5 33. Bd4 Bxd3 34. Bxg7 Bxf1 35. Bxf1 Kxg7 36. Bg2 Rf8 37. Kg3 Rc8 38. a4 1-0